000 00939nam a2200253Ia 4500
008 230531s2023 sp 000 0 spa d
041 _aspa
110 2 _aCCOO
_bConfederación Sindical
_927927
245 0 _a17M Día Internacional contra la LGTBIfobia
_c/ Confederación Sindical de CCOO
260 _a[Madrid] :
_bCCOO, Confederación Sindical,
_c2023
300 _a4 p. ;
_c 30 cm
500 _aEn: Gaceta Sindical, n. 503 (mayo 2023), p. 1-4
650 0 _aACTITUD SINDICAL
_961
650 0 _aDIA INTERNACIONAL CONTRA LA LGTBIFOBIA
_939823
650 0 _aORIENTACION SEXUAL
_96099
650 0 _aDISCRIMINACION POR RAZONES DE SEXO
_9201
650 0 _aIGUALDAD DE GENERO
_95513
650 0 _aIGUALDAD DE DERECHOS
_91832
650 0 _aMERCADO DE TRABAJO
_952
650 0 _aDERECHOS DE LOS TRABAJADORES
_94
856 _zPDF
_uhttps://docpublicos.ccoo.es/cendoc/066168DiecisieteMayo.pdf
907 _aLGTBI+
942 _cDOCU_ELEC
_2ddc
999 _c56813
_d56813